| 000 | 00704nam a22001817a 4500 | ||
|---|---|---|---|
| 999 |
_c58909 _d58909 |
||
| 003 | Ge_BSU | ||
| 005 | 20221018102503.0 | ||
| 008 | 221018s2005 ge ||||| |||| 00| 0 geo d | ||
| 020 | _a9994040537 | ||
| 041 | _ageo | ||
| 080 | _a16(075.8) დ-30 | ||
| 245 |
_aელემენტარული ლოგიკა : _b[სახელმძღვ. / _cრედ.: ვ. ჭიაურელი] ; სტუ. |
||
| 264 |
_aთბ. : _bტექნ. უნ-ტი, _c2005. |
||
| 300 |
_a138 გვ. ; _b 20 სმ. |
||
| 653 | _aლოგიკის სახელმძღვანელოები | ||
| 700 |
_aჭიაურელი, ვ. _eრედაქტორი _910254 |
||
| 942 |
_2udc _cBK |
||